000 00627cam a22002293a 4500
001 20522
003 PGUSA
005 20140828083432.0
008 070206s2007||||xxu|||||s|||||000 | eng d
040 _aPGUSA
_beng
042 _adc
050 4 _aBF
100 1 _aBaldwin, James Mark,
_d1861-1934
245 1 4 _aThe Story of the Mind
_h[electronic resource] /
_cJames Mark Baldwin
260 _bProject Gutenberg,
_c2007
506 _aPublic domain in the USA.
516 _aElectronic text
653 _aPsychology
830 0 _aProject Gutenberg
_v20522
856 4 0 _uhttp://www.gutenberg.org/ebooks/20522
942 _cEB
999 _c249777
_d249777